书目信息 |
| 题名: |
英语阅读与训练
|
|
| 作者: | 李宗芳 编 | |
| 分册: | 下 | |
| 出版信息: | 北京 电子工业出版社 1988.12 |
|
| 页数: | 138页 | |
| 开本: | 19cm | |
| 丛书名: | ||
| 单 册: | ||
| 中图分类: | H319.4 , H31 | |
| 科图分类: | ||
| 主题词: | 英语--教材 , 英语 | |
| 电子资源: | ||
| ISBN: | 7-5053-0427-5 | |
| 000 | 00747nam0 2200265 45 | |
| 001 | 0189004435 | |
| 005 | 20040511150758.0 | |
| 010 | @a7-5053-0427-5@dCNY1.65 | |
| 020 | @aCN@b89004435 | |
| 100 | @a19900816d1988 m y0chiy0120 ea | |
| 101 | 2 | @achi@aeng |
| 102 | @aCN@b110000 | |
| 105 | @ay z 000yy | |
| 106 | @ar | |
| 200 | 10 | @a英语阅读与训练@Aying yu yue du yu xun lian@h下@f李宗芳等编@Fli zong fang deng bian |
| 210 | @a北京@c电子工业出版社@d1988.12 | |
| 215 | @a138页@d19cm | |
| 540 | 1 | @a英语 阅读 训练@Aying yu yue du xun lian |
| 606 | @a英语@x教材 | |
| 606 | 0 | @a英语 |
| 690 | @aH319.4@v1980 | |
| 690 | @aH31 | |
| 701 | 0 | @a李宗芳@Ali zong fang@4编 |
| 801 | 0 | @aCN@bNLC@c19900816 |
| 905 | @f3@b225306-308@dH31@e295:2 | |
| 英语阅读与训练.下/李宗芳等编.-北京:电子工业出版社,1988.12 |
| 138页;19cm |
| ISBN 7-5053-0427-5:CNY1.65 |
| ● |
| 相关链接 |
|
|
|
|
正题名:英语阅读与训练
索取号:H31/295:2
 
预约/预借
| 序号 | 登录号 | 条形码 | 馆藏地/架位号 | 状态 | 备注 |
| 1 | 0225306 | 000938819 | 第四借阅区/ [索取号:H31/295:2] | 在馆 | |
| 2 | 0225307 | 000938659 | 第四借阅区/ [索取号:H31/295:2] | 在馆 | |
| 3 | 0225308 | 000938695 | 第四借阅区/ [索取号:H31/295:2] | 在馆 | |
| 4 | 0225309 | 202456519 | 密集书库/ [索取号:H31/295:2] | 在馆 | |
| 5 | 0225310 | 000938604 | 第二样本阅览室/ [索取号:H31/295:2] | 在馆 |